000 00609nam a2200229Ia 4500
003 OSt
005 20220928110542.0
006 a|||||r|||| 00| 0
007 ta
008 220927b |||||||| |||| 00| 0 eng d
024 _a47145
037 _cTextual
040 _aSDCL
_cSDCL
_beng
041 _2eng
_aeng
082 _aO152,1NOO:g, P2
100 _aDavey Geeta
_9419877
245 0 _aPant kavya men samaj evam Sanskriti.
260 _aKanpur
_bGarima Publishing
_c2002
300 _a496p
_ccm.
942 _hO152,1NOO:g, P2
_cTEXL
_2CC
999 _c736039
_d736039